Southville International School and Colleges
Your cart is empty.
  • Cart
  • Lists
    Public lists Eva Luna New books Lux_list list_1
    Your lists Log in to create your own lists
  • Log in to your account
  • Your cookies
  • Search history
Southville International School and Colleges
  • Advanced search
  • Recent comments
  • Most popular
  • Libraries

Log in to your account

Log in with GOOGLE


If you do not have an external account, but do have a local account, you can still log in:

  1. Home
  2. MARC view: Michael Jackson :
Normal view MARC view ISBD view

Michael Jackson : (Record no. 10538)

[ view plain ]
MARC details
000 -LEADER
fixed length control field 00607nam a22002057a 4500
003 - CONTROL NUMBER IDENTIFIER
control field SISC
005 - DATE AND TIME OF LATEST TRANSACTION
control field 20160316140928.0
008 - FIXED-LENGTH DATA ELEMENTS--GENERAL INFORMATION
fixed length control field 130906t xxu||||| |||| 00| 0 eng d
020 ## - INTERNATIONAL STANDARD BOOK NUMBER
International Standard Book Number 9781407587929
050 ## - LIBRARY OF CONGRESS CALL NUMBER
Classification number ML 3930.J25
Item number .H352 2009
082 ## - DEWEY DECIMAL CLASSIFICATION NUMBER
Classification number HS 920
Item number H55 2009
100 ## - MAIN ENTRY--PERSONAL NAME
Personal name Hill, Tim
9 (RLIN) 16897
245 ## - TITLE STATEMENT
Title Michael Jackson :
Remainder of title The man in the mirror 1958-2009 /
Statement of responsibility, etc Tim Hill.
260 ## - PUBLICATION, DISTRIBUTION, ETC. (IMPRINT)
Place of publication, distribution, etc New York :
Name of publisher, distributor, etc Parragon,
Date of publication, distribution, etc c2009.
300 ## - PHYSICAL DESCRIPTION
Extent 255 p. :
Other physical details col. ill. ;
Dimensions 28 cm.
650 ## - SUBJECT ADDED ENTRY--TOPICAL TERM
Topical term or geographic name as entry element Biography. .
9 (RLIN) 12111
650 ## - SUBJECT ADDED ENTRY--TOPICAL TERM
Topical term or geographic name as entry element Michael Jakson, 1958-2009
9 (RLIN) 16898
942 ## - ADDED ENTRY ELEMENTS (KOHA)
Source of classification or shelving scheme Library of Congress Classification
Koha item type Books
Holdings
Withdrawn status Lost status Source of classification or shelving scheme Damaged status Home library Current library Shelving location Date acquired Total Checkouts Full call number Barcode Date last seen Date checked out Copy number Price effective from Koha item type
    Library of Congress Classification   Luxembourg Library Luxembourg Library High School Section 09/06/2013 1 ML 3930.J25 .H352 2009 17682 03/16/2016 02/04/2015 1 09/06/2013 Books

Michael Jackson :

APA

Hill T., . (2009). Michael Jackson. New York: Parragon.

Chicago

Hill Tim, . 2009. Michael Jackson. New York: Parragon.

Harvard

Hill T., . (2009). Michael Jackson. New York: Parragon.

MLA

Hill Tim, . Michael Jackson. New York: Parragon. 2009.

  • Place hold
  • Print
  • Cite
  • Add to your cart (remove)
  • Save record
    BIBTEX Dublin Core MARCXML MARC (non-Unicode/MARC-8) MARC (Unicode/UTF-8) MARC (Unicode/UTF-8, Standard) MODS (XML) RIS
  • More searches
    Search for this title in:
    Other Libraries (WorldCat) Other Databases (Google Scholar) Online Stores (Bookfinder.com) Open Library (openlibrary.org)

Exporting to Dublin Core...

SOUTHVILLE LIBRARY

Southville International School and Colleges Library

1281 Tropical Ave. Cor. Luxembourg St., BF Homes International, Las Pinas City

Tel. No. 8256374 / 252358 Loc. 117/146

Powered by Koha